Statistiques concernant Élimination par catégorie - pays n°4

Cliquez ici pour prendre le quiz!

Statistiques générales

  • Ce quiz a été pris 82 352 fois
  • Le résultat moyen est 13 sur 20

Statistiques - réponses

Groupe#Catégorie% Correct
Vert73Pays moins peuplé que l'Irlande
98%
Vert60... et plus petit que l'Irlande
97%
Orange144Pays qui a du blanc sur son drapeau
91%
Bleu157Pays dont la capitale est au nord de l'équateur
86%
Orange56... ainsi que moins de 5 millions d'habitants
85%
Orange14... qui est en Europe
83%
Violet102Pays africain ou asiatique
83%
Bleu35... qui est enclavé (pas de littoral)
80%
Violet41... dont le drapeau comporte du bleu
78%
Violet25... qui fait plus de 100 000 km² de superficie
74%
Vert11... qui se trouve en Amérique
73%
Vert6... dont la dernière lettre est un E
68%
Orange5... dont le drapeau contient également du noir
63%
Violet8... et a au moins 50 millions d'habitants
63%
Bleu17... et a une altitude minimale de moins de 100 m
55%
Orange1... et qui commence par une voyelleEstonie
42%
Bleu6... ainsi qu'une superficie de moins de 50 000 km²
41%
Vert1... et dont le point culminant est à plus de 2000 mJamaïque
33%
Violet1... tout en étant un pays insulairePhilippines
21%
Bleu1... et qui ne se situe pas en EuropeBhoutan
13%

Distribution des résultats

Percentile par nombre de réponses

% des personnes avec chaque résultat

Votre développement - résultats

Vous n’avez pas pris ce quiz